000 00321nam a2200109Ia 4500
008 221009s9999 xx 000 0 und d
082 _a100/AUR BOOK
100 _aSri Aurobindo Ashram Publication Dep
245 4 _aThe complete Works of Sri Aurobindo Vol 15
260 _bSri Aurobindo Ashram Publication Dep
942 _cBK
999 _c64836
_d64836